000 00351nam a22001457a 4500
003 OSt
005 20160727222350.0
008 160621b xxu||||| |||| 00| 0 eng d
040 _ctest
100 _9327
_aBuddle, P,
245 _aAir Patrol and the Hijackers
260 _aRighty Ltd.
_c1973
300 _aAir Patrol and the Hijackers
942 _2ddc
_cBK
999 _c292
_d292